000 00471nmm a2200169Ia 4500
008 251105s9999||||xx |||||||||||||||||und||
020 _a9788433998644
041 _aspa
100 _aMorales, Cristina
245 0 _aLectura fácil
264 _a[Madrid, España] :
_bEditorial Anagrama,
_c2018
300 _a420 páginas
490 _aNarrativas hispánicas
650 _aSpanish narrative
856 _uhttps://public.digitaliapublishing.com/a/79948
942 _cCF
999 _c82035
_d82035